[Event "Landesliga Sued 9899"]
[Site "Bayern"]
[Date "1999.??.??"]
[Round "?"]
[White "Kaftan, Thorsten"]
[Black "Steinmueller, Stephan"]
[Result "0-1"]
[WhiteElo "1920"]
[BlackElo "2070"]

1.e4 c5 2.Nf3 e6 3.d4 cxd4 4.Nxd4 a6 5.Nc3 Qc7 6.a3 Nf6 7.g3 b5 8.Bg2 Bb7
9.O-O Nc6 10.Re1 Nxd4 11.Qxd4 Bc5 12.Qd1 h5 13.Be3 Bxe3 14.Rxe3 Ng4 15.Rd3 Qc5
16.Qe2 Ne5 17.Rdd1 h4 18.Re1 hxg3 19.hxg3 Rc8 20.Rac1 Nc4 21.Nd1 Qg5 22.Ra1 Qh6
23.b3 Nd2 24.f3 Rxc2 25.Nc3 Rxc3 26.Kf2 Qg5 27.e5 Nxf3 28.Rh1 Nh2 29.g4 Qf4+
30.Ke1 Bxg2 31.Qxg2 Re3+ 32.Kd1 Qd4+  0-1

[Event "Berlin Tegel-B"]
[Site "Berlin"]
[Date "1999.??.??"]
[Round "2"]
[White "Schargorodskij, Maxim"]
[Black "Zapolskis, Antanas"]
[Result "0-1"]
[WhiteElo "2180"]
[BlackElo "2400"]

1.e4 c5 2.Nf3 e6 3.d4 cxd4 4.Nxd4 a6 5.Nc3 Qc7 6.Bd3 Nc6 7.Nb3 b5 8.a3 Bb7
9.O-O Nf6 10.f4 d6 11.Qe2 Be7 12.Bd2 O-O 13.Rae1 Nd7 14.Rf3 g6 15.Rh3 Bf6
16.Kh1 Rfe8 17.Qf2 b4 18.Nd1 a5 19.axb4 Nxb4 20.Bxb4 axb4 21.Ne3 Bxb2 22.Qh4 Nf8
23.f5 Qe7 24.Qf2 exf5 25.Bb5 Qxe4 26.Bxe8 Rxe8 27.Rd1 f4 28.Nf1 Bc3 29.Nc1 Ne6
30.Rhd3 Ng5 31.Nd2 Qf5 32.Nf3 Nxf3 33.gxf3 Re3 34.Rf1 Ba6 35.Rg1 Bxd3 36.Nxd3 b3  0-1

[Event "Berlin Tegel-B"]
[Site "Berlin"]
[Date "1999.??.??"]
[Round "3"]
[White "Zapolskis, Antanas"]
[Black "Ivanov, Mikhail M"]
[Result "0-1"]
[WhiteElo "2400"]
[BlackElo "2510"]

1.e4 c5 2.Nf3 e6 3.d4 cxd4 4.Nxd4 a6 5.Nc3 Qc7 6.g3 Nf6 7.Bg2 Be7 8.O-O O-O
9.f4 d6 10.a4 Nc6 11.Nb3 Na5 12.Nxa5 Qxa5 13.Be3 Bd7 14.g4 Bc6 15.g5 Ne8
16.Qd2 Bd8 17.f5 Bb6 18.fxe6 Qxg5 19.Rae1 Nf6 20.e7 Rfe8 21.Qf2 Bxe3 22.Rxe3 Qc5
23.b4 Qd4 24.Rg3 Qxf2+ 25.Rxf2 Kh8 26.b5 axb5 27.axb5 Bd7 28.Rd3 Rxe7 29.Rxd6 Rc8
30.Rfxf6 Rxc3 31.Rf2 g6 32.Rb6 Rc7 33.Rd2 Be6 34.Rbd6 Kg7 35.Kf2 Rc5 36.b6 Rc3
37.Bf3 h5 38.Bd1 Kf6 39.R2d3 Rc5 40.Ke3 Ke5 41.h4 Re8 42.R6d4 Rec8 43.Ra3 Rc3+
44.Rd3 Rxa3 45.Rxa3 Rc5 46.Ra7 Bc8 47.Ra8 Rc3+ 48.Kd2 Rc6 49.Ke3 Rc3+ 50.Kd2 Rc5
51.Ke3 Bd7 52.Rf8 Kf6 53.Kd4 Rb5 54.Be2 Rxb6 55.Bc4 Be6 56.Bd5 Rb2 57.c4 b6
58.Rb8 Rb1 59.Rb7 Rd1+ 60.Kc3 Ke5 61.Rxb6 Rc1+ 62.Kb4 Rh1 63.Rb5 Rxh4 64.Ba8+ Kd4
65.Rb8 Rh1 66.Rd8+ Ke5 67.Bd5 h4 68.Rh8 h3 69.Kc5 h2 70.Bc6 Bxc4  0-1

[Event "Berlin Tegel-B"]
[Site "Berlin"]
[Date "1999.??.??"]
[Round "5"]
[White "Brustkern, Juergen"]
[Black "Ivanov, Mikhail M"]
[Result "1/2-1/2"]
[WhiteElo "2285"]
[BlackElo "2510"]

1.e4 c5 2.Nf3 e6 3.d4 cxd4 4.Nxd4 a6 5.Nc3 b5 6.Bd3 d6 7.O-O Nf6 8.Re1 Qc7
9.Bg5 Be7 10.Bxf6 gxf6 11.a4 b4 12.Na2 Qc5 13.c3 bxc3 14.Nxc3 Nd7 15.Bf1 Ne5
16.Rc1 Qb6 17.Qd2 Bd7 18.Red1 O-O 19.b4 Rfc8 20.b5 a5 21.Qh6 Ng6 22.Qe3 Rab8
23.Nce2 Bf8 24.Rxc8 Rxc8 25.Rc1 Rxc1 26.Qxc1 Ne5 27.Qc3 Be7 28.h3 Bd8 29.Nb3 Qa7
30.Nf4 Kf8 31.Qg3 Ke7 32.Nh5 Ng6 33.Qf3 f5 34.exf5 exf5 35.Qc3 Be6 36.Qe1 Bb6
37.Ng3 Kd7 38.Nc1 Bd4 39.Nd3 Ne5 40.Nf4 Qc5 41.Ngh5 Kc7 42.Nd3 Nxd3 43.Bxd3 Qa3
44.Qxa5+ Bb6 45.Qd2 Qxa4 46.Qc2+ Qxc2 47.Bxc2 h6 48.Ng7 f4 49.Nf5 h5 50.Bd3 Bc5
51.Ng7 h4 52.Nf5 Bxf5 53.Bxf5 Kb6 54.Bd7 Ka5 55.Kf1 Kb4 56.Ke2 Kc4 57.Be8 f6
58.Bd7 Bb6 59.Be8 Bc5  1/2-1/2

[Event "Budapest FS08 Elo"]
[Site "Budapest"]
[Date "1999.??.??"]
[Round "8"]
[White "Levi, N."]
[Black "Jansen, F."]
[Result "1-0"]
[WhiteElo "2090"]
[BlackElo "2100"]

1.e4 c5 2.Nf3 e6 3.d4 cxd4 4.Nxd4 a6 5.Nc3 Qc7 6.Be3 Nc6 7.Qd2 Nge7 8.O-O-O Nxd4
9.Bxd4 Nc6 10.Be3 Be7 11.f4 b5 12.Kb1 Bb7 13.Qf2 Nb8 14.Bd3 d6 15.f5 O-O
16.Rhg1 Nd7 17.g4 b4 18.Ne2 Ne5 19.Nf4 d5 20.exd5 Bxd5 21.Nxd5 exd5 22.g5 f6
23.h4 Nc4 24.Bd4 Rac8 25.Qg2 Qb7 26.gxf6 Bxf6 27.Bxf6 Rxf6 28.Bxc4 Rxc4 29.Rxd5 Qe7
30.Rd8+ Rf8 31.Qd5+ Qf7 32.Rd7  1-0

[Event "Radulescu Memorial"]
[Site "Calimanesti"]
[Date "1999.??.??"]
[Round "5"]
[White "Solak, Dragan"]
[Black "Ionescu, Constantin"]
[Result "1/2-1/2"]
[WhiteElo "2460"]
[BlackElo "2482"]

1.e4 c5 2.Nf3 e6 3.d4 cxd4 4.Nxd4 a6 5.Nc3 b5 6.Bd3 Qb6 7.Nb3 Qc7 8.O-O Bb7
9.Qe2 Nf6 10.f4 b4 11.Nd1 d6 12.c3 Nc6 13.Bd2 Be7 14.Rc1 bxc3 15.Bxc3 Qb6+
16.Kh1 O-O 17.Ne3 a5 18.e5 dxe5 19.fxe5 Nd7 20.Nc4 Qc7 21.Ncxa5 Nxa5 22.Bxa5 Qxe5
23.Rc7 Bd6 24.Qxe5 Nxe5 25.Bxh7+ Kxh7 26.Rxb7 Nc4 27.Bc3 Rxa2 28.Rfxf7 Rxf7
29.Rxf7 Be5  1/2-1/2

[Event "Cannes op"]
[Site "Cannes"]
[Date "1999.??.??"]
[Round "1"]
[White "Delanoy, Arnaud"]
[Black "Banas, Jan"]
[Result "0-1"]
[WhiteElo "2133"]
[BlackElo "2416"]

1.e4 c5 2.Nf3 e6 3.d4 cxd4 4.Nxd4 a6 5.Nc3 b5 6.Be2 Bb7 7.Bf3 d6 8.O-O Qd7
9.Re1 Nf6 10.Bg5 Be7 11.Qe2 O-O 12.Rad1 Qc7 13.e5 dxe5 14.Bxb7 Qxb7 15.Qxe5 Nbd7
16.Qg3 Nh5 17.Qh4 Bxg5 18.Qxg5 Nhf6 19.a3 h6 20.Qh4 b4 21.Ne4 bxa3 22.bxa3 Nxe4
23.Rxe4 Nf6 24.Re3 Rfd8 25.h3 Rac8 26.Rde1 Qb2 27.Nf3 Rxc2 28.Ne5 Rd4 29.Qg3 Rc1
30.Ng4 Nxg4 31.hxg4 Rxe1+ 32.Rxe1 Qd2 33.Qe3 Qxe3 34.Rxe3 Rxg4 35.Rb3  0-1

[Event "Canovelles opA"]
[Site "Canovelles"]
[Date "1999.??.??"]
[Round "6"]
[White "Fernandez Gutierrez, M."]
[Black "Ruiz Planas, Adelito"]
[Result "1-0"]
[WhiteElo "2155"]
[BlackElo "2120"]

1.e4 c5 2.Nc3 e6 3.Nf3 a6 4.d4 cxd4 5.Nxd4 Qc7 6.Be2 Nf6 7.O-O Nc6 8.Kh1 Be7
9.f4 d6 10.Bf3 Bd7 11.Be3 Nxd4 12.Bxd4 Bc6 13.Qe2 O-O 14.Rae1 Nd7 15.e5 Bxf3
16.Rxf3 d5 17.f5 Qc4 18.Qd2 exf5 19.Rxf5 Rac8 20.Rf2 Nc5 21.b3 Nxb3 22.cxb3 Qc6
23.Rd1 Bb4 24.Nxd5 Qxd5 25.Qxb4 Rfd8 26.h3 Re8 27.Rdf1 a5 28.Qd6  1-0

[Event "CZE-chT2 9899"]
[Site "CZE"]
[Date "1999.??.??"]
[Round "?"]
[White "Vacek, Martin"]
[Black "Efler, Lukas"]
[Result "0-1"]
[WhiteElo "2210"]
[BlackElo "2300"]

1.e4 c5 2.Nf3 e6 3.d4 cxd4 4.Nxd4 a6 5.Nc3 Qc7 6.Be3 Nf6 7.Bd3 Bb4 8.O-O Nc6
9.Na4 Nxd4 10.Bxd4 e5 11.Bb6 Qc6 12.c3 Bd6 13.c4 O-O 14.Rc1 Be7 15.Re1 d6
16.b4 Be6 17.h3 Nd7 18.Be3 f5 19.exf5 Bxf5 20.Nc3 Rae8 21.Nd5 Bd8 22.b5 Qc8
23.Bxf5 Rxf5 24.bxa6 bxa6 25.Qa4 Bg5 26.Red1 Re6 27.Rb1 Bxe3 28.Nxe3 Rf8
29.Qb3 Nc5 30.Qc2 Rg6 31.Rb6 Qd8 32.Qb1 e4 33.Rd2 Nd3 34.Rxa6 Qh4 35.Qf1 h5
36.Rxd3 exd3 37.Qxd3 Qxf2+ 38.Kh1 Qe1+ 39.Kh2 Qg3+ 40.Kh1 Re6 41.Ra3 Rb8
42.c5 dxc5  0-1

[Event "CZE-chT2 9899"]
[Site "CZE"]
[Date "1999.??.??"]
[Round "?"]
[White "Svatos, Jan"]
[Black "Forman, Stefan"]
[Result "1-0"]
[WhiteElo "2355"]
[BlackElo "2250"]

1.e4 c5 2.Nf3 e6 3.Nc3 a6 4.d4 cxd4 5.Nxd4 Qc7 6.Be3 Bd6 7.Bd3 Nf6 8.Qf3 Be5
9.O-O-O b5 10.g4 Nc6 11.Nxc6 dxc6 12.g5 Nd7 13.Qh3 Nf8 14.Ne2 Ng6 15.Rhf1 Bd7
16.f4 Bxf4 17.Nxf4 Nxf4 18.Rxf4 e5 19.Rxf7 Kxf7 20.Bc4+ Ke8 21.Bf7+ Kd8 22.Be6 Qa5
23.Rxd7+ Kc8 24.Rxg7+ Kb8 25.Qg3  1-0

[Event "CZE-chT2V 9899"]
[Site "CZE"]
[Date "1999.??.??"]
[Round "?"]
[White "Schula, Michal"]
[Black "Mirumian, Vigen"]
[Result "0-1"]
[WhiteElo "2290"]
[BlackElo "2505"]

1.e4 c5 2.Nf3 e6 3.d4 cxd4 4.Nxd4 a6 5.Nc3 d6 6.g4 Ne7 7.Be3 Nec6 8.Nb3 b5
9.a3 Bb7 10.Bd3 Nd7 11.Qe2 Rc8 12.O-O-O Be7 13.f4 O-O 14.Rhg1 b4 15.axb4 Nxb4
16.g5 Nxd3+ 17.cxd3 d5 18.e5 d4 19.Bxd4 Bd5 20.Nd2 Nc5 21.f5 exf5 22.Qe3 f4
23.Qe2 Ne6 24.Bf2 Bb4 25.Nb1 Qa5 26.Rd2 f3 27.Qe3 Bxc3 28.bxc3 Qa1 29.d4 Rb8
30.Kc2 Bc4  0-1

[Event "CZE-ch U18-20"]
[Site "CZE"]
[Date "1999.??.??"]
[Round "4"]
[White "Fiala, Robert"]
[Black "Forman, Stefan"]
[Result "1/2-1/2"]
[WhiteElo "2190"]
[BlackElo "2275"]

1.e4 c5 2.Nf3 e6 3.d4 cxd4 4.Nxd4 a6 5.Nc3 Qc7 6.g3 Bb4 7.Ne2 Nf6 8.Bg2 d6
9.O-O O-O 10.Bf4 e5 11.Be3 Be6 12.h3 Nbd7 13.a3 Bc5 14.Qd3 Rac8 15.Rfd1 Nb6
16.b3 Rfd8 17.Bxc5 Qxc5 18.a4 Rd7 19.a5 Na8 20.Qd2  1/2-1/2

[Event "CZE-chT 9899"]
[Site "CZE"]
[Date "1999.??.??"]
[Round "5"]
[White "Hlavnicka, Jiri"]
[Black "Decka, Eliska"]
[Result "1/2-1/2"]
[WhiteElo "2205"]
[BlackElo "2070"]

1.e4 c5 2.Nf3 e6 3.d4 cxd4 4.Nxd4 a6 5.Nc3 Qc7 6.g3 Nc6 7.Bg2 Nf6 8.O-O Be7
9.Be3 d6 10.Qe2 Bd7 11.Kh1 Rc8 12.Rad1 O-O 13.f4 b5 14.a3 Na5 15.Bc1 Nc4
16.Rd3 Rfd8 17.g4 Bf8 18.g5 Ne8 19.Rh3 Qc5 20.Nb3 Qa7 21.Qh5 h6 22.f5 exf5
23.gxh6 g6 24.Qg5 f4 25.Rh4 Be6 26.Rhxf4 Ne5 27.Nd5 Bxd5 28.exd5 Qe7 29.Qxe7 Bxe7
30.c3 Bg5 31.Re4 Bxc1 32.Rxc1 Nd3 33.Rc2 Nf6 34.Rd4 Ne5 35.Bh3 Rc7 36.Rf4 Nh5
37.Rf1 Re7 38.Nd4 Nc4 39.Nc6 Rde8 40.Nxe7+ Rxe7 41.Rcf2 Ne5 42.Bg2 f5 43.Re1 Rf7
44.Bf3 Nf6 45.h3 Kh7  1/2-1/2

[Event "CZE-ch U18-20"]
[Site "CZE"]
[Date "1999.??.??"]
[Round "5"]
[White "Incedi, Ales"]
[Black "Fiala, Robert"]
[Result "0-1"]
[WhiteElo "2095"]
[BlackElo "2190"]

1.e4 c5 2.Nf3 e6 3.d4 cxd4 4.Nxd4 a6 5.Nc3 Qc7 6.Be3 Nf6 7.f3 Bb4 8.Qd2 d5
9.Bd3 e5 10.Nde2 d4 11.Nxd4 exd4 12.Bxd4 Nc6 13.Be3 O-O 14.O-O Be6 15.Rae1 Ne5
16.Bd4 Rfd8 17.Bxe5 Qxe5 18.f4 Qc5+ 19.Kh1 Bxa2 20.f5 Qe5  0-1

[Event "Moravia-chT 9899"]
[Site "CZE"]
[Date "1999.??.??"]
[Round "6"]
[White "Simacek, Pavel"]
[Black "Vyskocil, Neklan"]
[Result "1/2-1/2"]
[WhiteElo "2350"]
[BlackElo "2310"]

1.e4 c5 2.Nf3 e6 3.d4 cxd4 4.Nxd4 a6 5.Nc3 Qc7 6.g3 d6 7.Bg2 Nc6 8.O-O Nf6
9.Re1 Rb8 10.Nxc6 bxc6 11.e5 dxe5 12.Rxe5 Bd6 13.Re1 O-O 14.Na4 c5 15.c4 Bb7
16.Bxb7 Rxb7 17.Qf3 Nd7 18.Qe4 Nf6 19.Qe2 Qc6 20.b3 Rd7 21.Bb2 Be7 22.Bc3 Rfd8
23.Ba5 Rb8 24.Rad1 Rbb7 25.Bd2 Rd8 26.Be3 Rbd7 27.f3 Rxd1 28.Rxd1 Rxd1+ 29.Qxd1 Nd7
30.Kf2 Bf6 31.f4 g6 32.a3 Be7 33.Qf3 Qd6 34.Ke2 Bf6 35.Qe4 Ba1 36.b4 cxb4
37.c5 Qb8 38.Qxb4 Qa8 39.Bf2 Qd5 40.Nb6 Qc6 41.Qa4 Nb8 42.Qxc6 Nxc6 43.Kd3 Kf8
44.g4 Ke7 45.Nc8+ Kd7 46.Nd6 f5 47.gxf5  1/2-1/2

[Event "CZE-ch U18-20"]
[Site "CZE"]
[Date "1999.??.??"]
[Round "8"]
[White "Brychta, Jan"]
[Black "Forman, Stefan"]
[Result "1/2-1/2"]
[WhiteElo "2000"]
[BlackElo "2275"]

1.e4 c5 2.Nf3 e6 3.d4 cxd4 4.Nxd4 a6 5.Nc3 Qc7 6.Bd3 Nf6 7.O-O Bd6 8.h3 O-O
9.Nb3 Bf4 10.Bxf4 Qxf4 11.Re1 Nc6 12.a4 d5 13.exd5 exd5 14.Ne2 Qd6 15.Ned4 Bd7
16.Bf5 Rfe8 17.Bxd7 Qxd7 18.Nxc6 bxc6 19.a5 Ne4 20.Qd4 Rab8 21.Rad1 Qc7 22.Nc5 Qxa5
23.Nxe4 dxe4 24.Ra1 Qd5 25.Qxd5 cxd5 26.Rxa6 Rxb2 27.Rd6 Rxc2 28.Rxd5 g6
29.f3 e3 30.Rd3 Rb8 31.Kh2 Rbb2 32.Rg1 e2 33.Re1 f5 34.Kg3 Kg7 35.Re3 Kf6
36.f4 h5 37.h4 Rd2 38.Kf3 Kf7 39.R1xe2 Rxe2  1/2-1/2

[Event "CZE-chT 9899"]
[Site "CZE"]
[Date "1999.??.??"]
[Round "11"]
[White "Vavra, Pavel"]
[Black "Votava, Jan"]
[Result "0-1"]
[WhiteElo "2340"]
[BlackElo "2505"]

1.e4 c5 2.Nf3 e6 3.d4 cxd4 4.Nxd4 a6 5.Nc3 Qc7 6.Bd3 b5 7.O-O Bb7 8.f4 Bc5
9.Be3 Nc6 10.Nce2 Nf6 11.c3 d6 12.Kh1 O-O 13.Ng3 Kh8 14.e5 dxe5 15.Nxe6 fxe6
16.Bxc5 Rfd8 17.Qe2 exf4 18.Ne4 Ne5 19.Bc2 Nxe4 20.Bd4 f3 21.gxf3 Nxf3  0-1

[Event "DEN-chT 9899"]
[Site "Denmark"]
[Date "1999.??.??"]
[Round "4"]
[White "Hoiberg, Nina"]
[Black "Rasmussen, Casper"]
[Result "1-0"]
[WhiteElo "2290"]
[BlackElo "2245"]

1.e4 c5 2.Nc3 e6 3.Nf3 a6 4.d4 cxd4 5.Nxd4 Qc7 6.Bd3 Nf6 7.O-O d6 8.a4 b6
9.f4 Bb7 10.Be3 Be7 11.Kh1 O-O 12.g4 Nc6 13.g5 Nd7 14.Qh5 g6 15.Qh6 Rfe8
16.Rf3 Bf8 17.Qh4 Bg7 18.Nde2 Re7 19.Rh3 Nf8 20.Qf2 Nd7 21.Qh4 Nf8 22.Kg1 Nb4
23.Rc1 Rae8 24.Nd1 Na2 25.Nf2 Nxc1 26.Nxc1 Bxb2 27.Ng4 f5 28.gxf6 Rd7 29.Ne2 d5
30.e5 d4 31.Nh6+ Kh8 32.f7 Rxf7 33.Nxf7+ Qxf7 34.Nxd4 Ba3 35.Nf3 Bc5 36.Bxc5 bxc5
37.Ng5 Qe7 38.Bxg6 Nxg6 39.Qxh7+ Qxh7 40.Rxh7+ Kg8 41.Rxb7 Nxf4 42.Ne4 Rd8
43.Nxc5 Rd2 44.Nxa6 Rxc2 45.Nc7 Ra2 46.Ra7 Rg2+ 47.Kf1 Rxh2 48.a5 Rh1+ 49.Kf2 Nd3+
50.Kg2 Ra1 51.a6 Nxe5 52.Rb7 Nd7 53.a7 Nb6 54.Nb5 Nc8 55.Rb8  1-0

[Event "Dresden op"]
[Site "Dresden"]
[Date "1999.??.??"]
[Round "?"]
[White "Polzin, Rainer"]
[Black "Chuchelov, Vladimir"]
[Result "0-1"]
[WhiteElo "2475"]
[BlackElo "2535"]

1.e4 c5 2.Nf3 e6 3.d4 cxd4 4.Nxd4 a6 5.Nc3 b5 6.Bd3 Qb6 7.Nb3 Qc7 8.Be3 Bb7
9.f4 Nf6 10.O-O d6 11.e5 dxe5 12.fxe5 Nfd7 13.Rxf7 Kxf7 14.Qh5+ Kg8 15.Rf1 g6
16.Bxg6 Nxe5 17.Ne4 Bxe4 18.Bxe4 Nbc6 19.Bxc6 Qxc6 20.Qxe5 Bg7 21.Qg3 Rf8
22.Nd4 Rxf1+ 23.Kxf1 Qd7 24.Qg4 h5 25.Qe4 Kf7 26.Nf3 Qd5 27.Ng5+ Ke7 28.Qb4+ Kd7
29.Kf2 Rf8+ 30.Nf3 Rc8 31.c3 Qxa2 32.Bg5 Bxc3 33.Qe7+ Kc6 34.Bf4 Qxb2+ 35.Kg3 Rg8+
36.Ng5 Rxg5+ 37.Bxg5 Be5+ 38.Kh4 Qxg2 39.Qxe6+ Kb7 40.Qd7+ Bc7 41.h3 Qf3
42.Bd8 Qc6  0-1

[Event "Dresden op"]
[Site "Dresden"]
[Date "1999.??.??"]
[Round "?"]
[White "Wilhelmi, Christian"]
[Black "Gipslis, Aivars"]
[Result "1-0"]
[WhiteElo "2410"]
[BlackElo "2460"]

1.e4 c5 2.Nf3 e6 3.d4 cxd4 4.Nxd4 a6 5.Nc3 b5 6.Bd3 d6 7.Be3 Nf6 8.f4 Bb7
9.Qf3 Nbd7 10.O-O Be7 11.a3 Nc5 12.Kh1 O-O 13.Qh3 Nfxe4 14.Nxe6 Qc8 15.Bxc5 Qxe6
16.f5 Qc8 17.Bd4 Nf6 18.Rae1 Qd8 19.Re3 Re8 20.Rg3 Bf8 21.Qh6 Kh8 22.Qg5 Rc8
23.Ne2 h6 24.Rh3 Kh7 25.Ng3 Rc5 26.Nh5 Ne4 27.Qg4 Qg5 28.Qxg5 Nxg5 29.Rg3 f6
30.h4 Ne4 31.Rg4 Rcc8 32.Rg6 Re5 33.Bxe5 dxe5 34.Rg4 Nc5 35.Rd1 e4 36.Bf1 e3
37.Kg1 Be4 38.b4 Bxf5 39.Rf4 Bg6 40.Nxf6+ gxf6 41.bxc5 Bxc5 42.Rd7+ Kg8 43.Be2 Be8
44.Rb7 Bc6 45.Rg4+ Kh8 46.Rf7 f5 47.Rg6 Be8 48.Rxh6+ Kg8 49.Rxf5  1-0

[Event "COL-ch sf"]
[Site "Duitama"]
[Date "1999.??.??"]
[Round "?"]
[White "Mendoza, Rafael"]
[Black "Zapata, Alonso"]
[Result "0-1"]
[WhiteElo "2340"]
[BlackElo "2454"]

1.e4 c5 2.Nf3 e6 3.d4 cxd4 4.Nxd4 a6 5.Nc3 Qc7 6.Bd3 Nc6 7.Be3 Nf6 8.O-O Bd6
9.Nxc6 dxc6 10.f4 e5 11.f5 Qe7 12.Kh1 h6 13.a4 a5 14.Nb1 Bc5 15.Bd2 b6 16.Na3 O-O
17.Qe2 Rd8 18.Be1 Bxa3 19.Rxa3 c5 20.Bh4 Bb7 21.Raa1 Rd4 22.c3 Rd6 23.Rfd1 Rad8
24.Bc2 Rxd1+ 25.Rxd1 Rxd1+ 26.Qxd1 Bxe4 27.Bxf6 Bxc2 28.Bxe7 Bxd1 29.f6 Bxa4  0-1

[Event "Cataluna Club op"]
[Site "ESP"]
[Date "1999.??.??"]
[Round "?"]
[White "Gutierrez Segovia, Angel"]
[Black "Arevalo, JM."]
[Result "0-1"]
[WhiteElo "1950"]
[BlackElo "1925"]

1.e4 c5 2.Nf3 a6 3.d4 e6 4.Nc3 cxd4 5.Nxd4 Nc6 6.Bc4 Be7 7.O-O b5 8.Bb3 Bb7
9.Be3 Nf6 10.Nxc6 dxc6 11.Qe2 O-O 12.Rad1 Qc7 13.f4 c5 14.e5 Ne4 15.Nxe4 Bxe4
16.c4 b4 17.Bc2 Bxc2 18.Qxc2 Qc6 19.g4 Rad8 20.f5 Rxd1 21.Rxd1 Qf3  0-1

[Event "Cataluna-chT"]
[Site "ESP"]
[Date "1999.??.??"]
[Round "7"]
[White "Armengol Comas, J."]
[Black "Muratet Casadevall, A."]
[Result "1/2-1/2"]
[WhiteElo "2285"]
[BlackElo "2245"]

1.e4 c5 2.Nc3 e6 3.Nf3 a6 4.d4 cxd4 5.Nxd4 b5 6.Bd3 Bb7 7.O-O Bc5 8.Nb3 Be7
9.f4 Nf6 10.e5 Nd5 11.Nxd5 Bxd5 12.Be3 Nc6 13.a4 b4 14.a5 Bxb3 15.Bb6 Qb8
16.cxb3 Bd8 17.Bxd8 Qxd8 18.Be4 Rc8 19.Qd3 Nxa5 20.Rfc1 Qb6+ 21.Kh1 Rd8 22.Ra4 g6
23.Rca1 Rc8 24.g3 Nc6 25.Rxa6 Qc5 26.Qd6 Qxd6 27.exd6 Nd4 28.R1a4 Nxb3 29.Rxb4 Nc5
30.Rc4 O-O 31.Rb6 Nxe4 32.Rxe4 Rc2 33.Rb7 Ra8 34.Re1 Ra2 35.Rb1 Rd2 36.Rxd7 Raxb2
37.Rxb2 Rxb2 38.Rc7 Rd2 39.d7 Kf8 40.Rc8+ Ke7 41.Rh8 Rxd7  1/2-1/2

[Event "Open des Vins"]
[Site "FRA"]
[Date "1999.??.??"]
[Round "4"]
[White "Sokolov, Andrei"]
[Black "Ungureanu, Emil"]
[Result "1-0"]
[WhiteElo "2540"]
[BlackElo "2345"]

1.e4 c5 2.Nf3 e6 3.d4 cxd4 4.Nxd4 a6 5.Nc3 d6 6.Be3 Nf6 7.g4 b5 8.g5 Nfd7
9.a3 Bb7 10.h4 Be7 11.Qg4 Nc6 12.O-O-O Nce5 13.Qg3 Rc8 14.f4 Nc4 15.Bxc4 Rxc4
16.f5 Nc5 17.g6 hxg6 18.fxe6 Rxc3 19.exf7+ Kxf7 20.bxc3 Qa5 21.Rdf1+ Bf6
22.Qxd6 Qxc3 23.Kb1 Nxe4 24.Rxf6+ gxf6  1-0

[Event "Open des Vins"]
[Site "FRA"]
[Date "1999.??.??"]
[Round "6"]
[White "Sokolov, Andrei"]
[Black "Ionescu, Constantin"]
[Result "1/2-1/2"]
[WhiteElo "2540"]
[BlackElo "2430"]

1.e4 c5 2.Nf3 e6 3.d4 cxd4 4.Nxd4 a6 5.Nc3 b5 6.Bd3 Bb7 7.O-O Nc6 8.Nxc6 Bxc6
9.Qe2 Qb8 10.a4 b4 11.Nd5 Bd6 12.h3 a5 13.Be3 Bxd5 14.exd5 Nf6 15.dxe6 fxe6
16.Rad1 O-O 17.Bd4 Rf7 18.c4 bxc3 19.bxc3 Qc7 20.Rb1 Bc5 21.Rb5 Bxd4 22.cxd4 Qc3
23.Qe3 Rc8 24.Rb3 Qc6 25.Rb5 Qc3 26.Rb3 Qc6 27.Rb5 Qc3  1/2-1/2

[Event "Gent op 22nd"]
[Site "Gent"]
[Date "1999.??.??"]
[Round "5"]
[White "Van Casteren, F."]
[Black "Kohlmeyer, Dagobert"]
[Result "0-1"]
[WhiteElo "1685"]
[BlackElo "2445"]

1.e4 c5 2.Nf3 e6 3.d4 cxd4 4.Nxd4 a6 5.Nc3 Qc7 6.Be2 b5 7.Be3 Bb7 8.Bf3 d6
9.O-O Nf6 10.a3 Be7 11.Qd2 Nbd7 12.Rfe1 O-O 13.Rad1 Rac8 14.g3 Ne5 15.Bg2 Nc4
16.Qc1 Nxa3 17.bxa3 Qxc3 18.e5 Nd5 19.Bh3 dxe5 20.Nxe6 Nxe3 21.Rxe3 Qc6 22.Nxf8 Qh1+  0-1

[Event "Oberliga Ost A9899"]
[Site "GER"]
[Date "1999.??.??"]
[Round "?"]
[White "Kastner, Peter"]
[Black "Csulits, Anton"]
[Result "1-0"]
[WhiteElo "2160"]
[BlackElo "2300"]

1.e4 c5 2.Nf3 e6 3.d4 cxd4 4.Nxd4 a6 5.Nc3 Qc7 6.Bd3 Nf6 7.O-O b5 8.Re1 Nc6
9.Nxc6 Qxc6 10.Qf3 Bb7 11.a4 b4 12.Nd5 Nxd5 13.exd5 Qc7 14.Be4 O-O-O 15.Bf4 e5
16.Be3 d6 17.c3 bxc3 18.Rec1 Kb8 19.Rxc3 Qe7 20.Bb6 Rc8 21.Rac1 Qg5 22.Rxc8+ Bxc8
23.Rxc8+ Kxc8 24.Qc3+ Kd7 25.Qc7+ Ke8 26.Qc8+  1-0

[Event "Oberliga Nord O9899"]
[Site "GER"]
[Date "1999.??.??"]
[Round "?"]
[White "Zezulkin, Jurij"]
[Black "Brustkern, Juergen"]
[Result "1-0"]
[WhiteElo "2505"]
[BlackElo "2255"]

1.e4 c5 2.Nf3 e6 3.d4 cxd4 4.Nxd4 a6 5.Nc3 b5 6.Bd3 Qb6 7.Nb3 Qc7 8.O-O Nf6
9.f4 b4 10.Nb1 Bb7 11.e5 Nd5 12.Qe2 Be7 13.N1d2 O-O 14.Kh1 f5 15.exf6 Nxf6
16.Nc4 Nc6 17.Be3 Nd5 18.Qh5 Nf6 19.Qe2 Nd5 20.Qh5 Nf6 21.Qh3 Rae8 22.Nc5 Bc8
23.Ne4 g6 24.Ng5 Kg7 25.Ne5 d6 26.Nxc6 e5 27.f5 Qxc6 28.Nxh7 gxf5 29.Bxf5 Bxf5
30.Qh6+ Kf7 31.Ng5+ Kg8 32.Rxf5 Qxc2 33.Rxf6  1-0

[Event "NRW-Liga II 9899"]
[Site "GER"]
[Date "1999.??.??"]
[Round "6"]
[White "Noetzel, Frank"]
[Black "Schmidt, Martin"]
[Result "1-0"]
[WhiteElo "2240"]
[BlackElo "2180"]

1.d4 e6 2.e4 c5 3.Nf3 cxd4 4.Nxd4 a6 5.Nc3 b5 6.Be2 Bb7 7.Bf3 Qc7 8.O-O b4
9.Na4 Bd6 10.g3 Nc6 11.Bg2 Nge7 12.Be3 Nxd4 13.Qxd4 Qc6 14.Qb6 Nc8 15.Qxc6 Bxc6
16.Nc5 Bc7 17.a3 d6 18.Nd3 bxa3 19.Rxa3 a5 20.Rfa1 Rb8 21.b3 Bb5 22.Nb2 Ne7
23.Bd2 Nc6 24.e5 d5 25.c4 Ba6 26.Nd3 Nxe5 27.Nc5 Bc8 28.cxd5 O-O 29.Bxa5 Bd6
30.b4 Nc4 31.Rc3 Be5 32.Rxc4 Bxa1 33.d6 Bf6 34.Bc7 Rb5 35.Bc6  1-0

[Event "NRW-Liga II 9899"]
[Site "GER"]
[Date "1999.??.??"]
[Round "8"]
[White "Peschlow, Patrick"]
[Black "Stoeckmann, Helmut"]
[Result "1-0"]
[WhiteElo "2180"]
[BlackElo "2240"]

1.e4 c5 2.Nf3 e6 3.d4 cxd4 4.Nxd4 a6 5.Nc3 Qc7 6.Be2 b5 7.a4 b4 8.Nb1 Bb7
9.Bd3 Nf6 10.Qe2 Nc6 11.Nxc6 Qxc6 12.Nd2 d5 13.exd5 Qxd5 14.Nf3 Qh5 15.Bf4 Be7
16.O-O O-O 17.Rfe1 Rfc8 18.Ne5 Qxe2 19.Rxe2 Rc5 20.Nc4 Nd5 21.Be5 Rac8 22.b3 Rd8
23.Rae1 Bf6 24.Nd6 Rc7 25.Nxb7 Rxb7 26.Bxf6 gxf6 27.Bxa6 Rc7 28.Rd2 Ra8 29.Bc4 Nb6
30.Bd3 f5 31.Re5 Kg7 32.Rb5 Nd5 33.Bc4 Rac8 34.Bxd5 exd5 35.Rxb4 Rxc2 36.Rxc2 Rxc2
37.g3 Kf6 38.a5 Rc7 39.Ra4 Ke6 40.b4 Kd6 41.a6 Ra7 42.f4 Kc6 43.Ra5 d4 44.Kf2 Kb6
45.Ke2  1-0

[Event "SWZ-ch"]
[Site "Graechen"]
[Date "1999.??.??"]
[Round "?"]
[White "Wyss, Thomas"]
[Black "Kaenel, Hansjuerg"]
[Result "0-1"]
[WhiteElo "2184"]
[BlackElo "2402"]

1.e4 c5 2.Nf3 e6 3.d4 cxd4 4.Nxd4 a6 5.Nc3 b5 6.Bd3 Bb7 7.O-O b4 8.Nce2 d6
9.c4 Nf6 10.Ng3 Be7 11.b3 O-O 12.Bb2 Nbd7 13.Qe2 Nc5 14.Bc2 Qb6 15.Kh1 a5
16.f4 a4 17.Rae1 axb3 18.axb3 Ne8 19.Ndf5 exf5 20.Nxf5 Bf6 21.e5 dxe5 22.fxe5 Bg5
23.Qh5 h6 24.h4 g6 25.Nxh6+ Bxh6 26.Qxh6 Qe6 27.Rf6 Qg4 28.Rf2 Ne6 29.Bd1 Qg3
30.Ref1 Ra2 31.Bf3 Bxf3 32.Rxf3 Qg4 33.R1f2 N8g7 34.g3 Nf5 35.Qf4 Nxf4  0-1

[Event "SWZ-ch"]
[Site "Graechen"]
[Date "1999.??.??"]
[Round "?"]
[White "Horvath, Tamas"]
[Black "Kaenel, Hansjuerg"]
[Result "1-0"]
[WhiteElo "2406"]
[BlackElo "2402"]

1.e4 c5 2.Nf3 e6 3.Nc3 a6 4.d4 cxd4 5.Nxd4 Qc7 6.g4 Bb4 7.Bd2 Nc6 8.a3 Bd6
9.Be3 Bf4 10.Qd2 Bxe3 11.Qxe3 Nf6 12.Be2 O-O 13.g5 Ne8 14.O-O-O d6 15.Rhg1 b5
16.Nxc6 Qxc6 17.f4 Rb8 18.Bd3 b4 19.axb4 Rxb4 20.Qh3 Qb6 21.b3 Qc5 22.Kb2 g6
23.Qh6 Ng7 24.Rg4 Nh5 25.Rh4 Rxb3+ 26.Kxb3 Bd7 27.Kb2 Rb8+ 28.Kc1 Qxc3 29.Rxh5 gxh5
30.e5 Qa3+ 31.Kd2 Qb4+ 32.Ke2 Bb5 33.Qxh7+ Kf8 34.Qh8+ Ke7 35.Qf6+ Ke8 36.g6 Qe4+
37.Kf2 Bxd3 38.Qxf7+ Kd8 39.Rxd3 d5 40.g7  1-0

[Event "Gyongyos op"]
[Site "Gyongyos"]
[Date "1999.??.??"]
[Round "7"]
[White "Parkanyi, Attila"]
[Black "Juhasz, Bela"]
[Result "1/2-1/2"]
[WhiteElo "2310"]
[BlackElo "2285"]

1.e4 c5 2.Nf3 e6 3.d4 cxd4 4.Nxd4 a6 5.Nc3 Qc7 6.Be2 Nf6 7.O-O Be7 8.Kh1 O-O
9.f4 d6 10.Qe1 b5 11.a3 Bb7 12.Bd3 Nc6 13.Nxc6 Bxc6 14.Qg3 Kh8 15.Be3 e5
16.fxe5 dxe5 17.Bg5 Nh5 18.Qh4 Bxg5 19.Qxh5 Bd2 20.Ne2 Qe7 21.Rad1 g6 22.Qh3 Bg5  1/2-1/2

[Event "Gyongyos op"]
[Site "Gyongyos"]
[Date "1999.??.??"]
[Round "7"]
[White "Khamatgaleev, Alexej"]
[Black "Foldi, Istvan"]
[Result "0-1"]
[WhiteElo "2400"]
[BlackElo "2370"]

1.e4 c5 2.Nf3 e6 3.d4 cxd4 4.Nxd4 a6 5.Nc3 Qc7 6.Bd3 Nf6 7.O-O Be7 8.Kh1 d6
9.f4 Bd7 10.Qf3 Nc6 11.Be3 h5 12.Rfe1 Kf8 13.a4 Rc8 14.Nxc6 Bxc6 15.Bd4 Ng4
16.Qe2 e5 17.fxe5 dxe5 18.Bg1 Bb4 19.Rf1 Bxc3 20.bxc3 Bd7 21.c4 Rh6 22.h3 Nf6
23.Be3 Rg6 24.Qf2 Be6 25.c5 Nd7 26.Qh4 Nxc5 27.Qxh5 Kg8 28.Rae1 Nxd3 29.cxd3 Qc2
30.Qe2 Qxe2 31.Rxe2 Rc3 32.Rd2 Rg3 33.Re1 Bd7 34.Kh2 Rg6 35.a5 Bb5 36.d4 exd4
37.Bxd4 Bc6 38.Re3 Rc4 39.e5 Rxd4 40.Rxd4 Rxg2+  0-1